| 000 | 00570nam a22001697a 4500 | ||
|---|---|---|---|
| 005 | 20260509162911.0 | ||
| 008 | 260509b |||||||| |||| 00| 0 eng d | ||
| 020 | _a9789372122244 | ||
| 040 |
_aSGVU Library _cSGVU Library |
||
| 082 |
_222 _a651.7 _bNAS C |
||
| 100 |
_aNarain Sarju And Maurya Abhilash Singh _940329 |
||
| 245 |
_aCommunication Skills ( Theory, Practical & Practice Questionaire ) _hEnglish |
||
| 260 |
_aNew Delhi, India _bKalyani Publishers _c2026 |
||
| 300 |
_a203p _bPB |
||
| 650 |
_aAgriculture _yG4776 _940330 |
||
| 942 |
_2ddc _cBOOKS _k651.7 NAS C |
||
| 999 |
_c90295 _d90295 |
||